Textbook of cosmetic dermatology

محفوظ في:
التفاصيل البيبلوغرافية
المؤلف الرئيسي: Baran, Robert
التنسيق: كتاب
اللغة:Undetermined
منشور في: London Taylor & Francis 2005
الموضوعات:
الوسوم: إضافة وسم
لا توجد وسوم, كن أول من يضع وسما على هذه التسجيلة!
Thư viện lưu trữ: Trung tâm Học liệu Trường Đại học Cần Thơ
LEADER 00566nam a2200205Ia 4500
001 CTU_93399
008 210402s9999 xx 000 0 und d
020 |c 4800000 
082 |a 617.9 
082 |b B225 
100 |a Baran, Robert 
245 0 |a Textbook of cosmetic dermatology 
245 0 |c Robert Baran 
260 |a London 
260 |b Taylor & Francis 
260 |c 2005 
650 |a Skin,Skin,Surgery, plastic,Dermatology 
650 |x Care and hygiene,Diseases,Treatment 
904 |i M.Loan 
980 |a Trung tâm Học liệu Trường Đại học Cần Thơ